Cicerón y sus amigos: estudio de la sociedad romana del tiempo de césar
Gardado en:
| Autor Principal: | |
|---|---|
| Formato: | Libro |
| Idioma: | Lingua castelá |
| Publicado: |
Buenos Aires, Argentina
Ateneo
1944
|
| Subjects: | |
| Tags: |
Engadir etiqueta
Sen Etiquetas, Sexa o primeiro en etiquetar este rexistro!
|
MARC
| LEADER | 00000nam a2200000 a 4500 | ||
|---|---|---|---|
| 001 | UCP9037 | ||
| 003 | CL-VaPUC | ||
| 005 | 20241014131056.0 | ||
| 008 | 000317e19440000AG |||||||||||||||||spa|d | ||
| 999 | |c 285890 |d 285888 | ||
| 040 | |c Pontificia Universidad Católica de Valparaíso | ||
| 082 | 0 | 4 | |a 937.05 BOI 1944 |2 21 |
| 100 | 0 | |a Boissier, Gastón |9 439349 | |
| 245 | 1 | 0 | |a Cicerón y sus amigos: estudio de la sociedad romana del tiempo de césar |
| 260 | 0 | 3 | |a Buenos Aires, Argentina |b Ateneo |c 1944 |
| 300 | |a 315 páginas | ||
| 583 | |a last modification |c 20000317 00:00:00 |k Rodrigo Vera | ||
| 600 | 0 | |a Cicerón, Marco Tulio |e autor |9 255203 | |
| 650 | 0 | |a Historia antigua |9 267521 | |
| 650 | 7 | |a ROMA |2 CL-VaPUC |9 317375 | |
| 650 | 0 | |a Imperio Romano |9 322785 | |
| 650 | 0 | |a Biografías |9 255210 | |
| 650 | 0 | |a Políticos |9 256302 | |
| 650 | 0 | |a Escritores |9 313723 | |
| 650 | 0 | |a Oradores |9 439350 | |
| 942 | |c BK |2 ddc | ||
| 945 | |d 20000317 00:00:00 |a rherrera | ||
| 952 | |0 0 |1 0 |2 ddc |4 0 |6 937_050000000000000_BOI_1944 |7 0 |8 X |9 330747 |a BIBHIS |b BIBHIS |d 2019-11-20 |i 1395114 |o 937.05 BOI 1944 |p 1395114 |r 2024-01-30 |t 1 |w 2019-11-20 |y BK_X |k HIS | ||